| 000 | 00776nam a22002297a 4500 | ||
|---|---|---|---|
| 999 |
_c7546 _d7546 |
||
| 003 | AR-CdUCM | ||
| 008 | 190320b ||||| |||| 00| 0 spa d | ||
| 040 |
_aMUNICIPALIDAD PROVINCIAL DEL CUSCO _cBIBLIOTECA MUNICIPAL DEL CUSCO |
||
| 082 |
_a761 / _bK56 |
||
| 100 |
_aKingman, Eduardo _921299 |
||
| 245 |
_aHombres de Ecuador-Sierra- : _b20 grabados en madera de Eduardo Kingman / |
||
| 260 |
_aQuito : _bTalleres Gráficos "Romero", _c1937. |
||
| 300 | _c30 cm. | ||
| 500 | _aDonación de la familia Nieto. Dedicatoria al Autor | ||
| 650 |
_aXilografías _921300 |
||
| 650 |
_aQuito _910157 |
||
| 650 |
_aGrabados _921301 |
||
| 700 |
_aCarrion, Alejandro (Prólogo) _921302 |
||
| 700 |
_aSacotto Arias, Augusto (Prólogo) _921303 |
||
| 942 |
_2ddc _cLIBROS |
||
| 945 | _araen | ||